| 000 | 00669nam a2200229 a 4500 | ||
|---|---|---|---|
| 001 | 000043565 | ||
| 003 | DO-SdBNP | ||
| 005 | 20180403095647.0 | ||
| 007 | 000043565 | ||
| 008 | 140326s2014 dr a 000 0 spa d | ||
| 020 | _a9789945475807 | ||
| 040 |
_aBPMSU _bspa _cBPMSU |
||
| 092 |
_axxx _bxxx |
||
| 100 | 1 | _aMota, Nikauly de la | |
| 245 | 1 | 0 |
_aSí, una mujer puede / _cNikauly de la Mota. |
| 260 |
_aSanto Domingo : _bBúho, _c2014. |
||
| 300 |
_a118 p. : _bil. ; _c23 cm. |
||
| 500 | _aIncluye datos biográficos de la autora en la cubierta | ||
| 942 |
_2ddc _cBK |
||
| 945 | _aRemanejado para la BNPHU / 2018 VM | ||
| 956 |
_aVMATEO _b10 _c20150429 _lBPMSU _h00151 |
||
| 999 |
_c7756 _d7756 |
||